000 00281nam a22001337a 4500
020 _a1-9043-511-0
082 _a823
_bJEA/S
100 _aJEAN
100 _aADAMSON, GARETH
245 _aSTART SCHOOL
_b TOPSY+TIM
260 _aUK
650 _aENGLISH SHORT STORY
_zUK
942 _cBK
999 _c4087
_d4087